Ethical issues in business (Бичлэгийн дугаар. 145865)
| 000 -УДИРДЛАГА | |
|---|---|
| Удирдлага | 01021nam a22003257a 4500 |
| 003 - ХЯНАЛТЫН ТОО ТОДОРХОЙЛОГЧ | |
| Код | MN-UlNUM |
| 005 - БИЧИЛТ ХИЙСЭН ОГНОО | |
| Тухайн бичилтийг бичсэн засварласан сүүлийн огноо | 20251205180016.0 |
| 008 - ЕРӨНХИЙ МЭДЭЭЛЭЛ | |
| Ерөнхий мэдээлэл | 251205s1993 njuab||| |||| 001 0 eng | |
| 020 ## - ISBN | |
| ISBN | 0132827166 |
| 040 ## - БИЧЛЭГ ҮҮСГЭГЧ БАЙГУУЛЛАГА | |
| Бичлэг үүсгэгч номын сангийн код | МУИС-ийн номын сан |
| 084 ## - ББК АНГИЛАЛ | |
| Нэмэлт тусгалт | Бусад |
| ББК ангилал | 87.7 |
| Зохиогчийн гурван тэмдэгт | E 84 |
| Мэдлэгийн ялгаа | 87 - Гүн ухаан |
| 245 00 - ҮНДСЭН ГАРЧИГ | |
| Номын нэр | Ethical issues in business |
| Бага гарчгийн мэдээ | a philosophical approach |
| Оролцогчдын тухай мэдээ | edited by Thomas Donaldson, Patricia H. Werhane |
| 250 ## - ДАХИН ХЭВЛЭЛТ | |
| Дахин гаралтын дугаар | 4th ed. |
| 260 ## - ГАРАЛТЫН МЭДЭЭ | |
| Хэвлэгдсэн газар | Englewood Cliffs, N.J. : |
| Хэвлэлийн газар | Prentice Hall, |
| Хэвлэгдсэн он | 1993. |
| 300 ## - МАТЕРИАЛЫН ТОДОРХОЙЛОЛТ | |
| хуудасны тоо | x, 502 p. : |
| Бусад тоон мэдээлэл | ill. ; |
| Хэмжээ | 23 cm. |
| 500 ## - Тайлбар | |
| Дансны дугаар | БС 4544 |
| 546 ## - ХЭЛНИЙ ТУХАЙ МЭДЭЭ | |
| Хэл | Англи хэл дээр, |
| 653 ## - Түлхүүр үг | |
| Түлхүүр үг | business ethics |
| 653 ## - Түлхүүр үг | |
| Түлхүүр үг | case studies |
| 653 ## - Түлхүүр үг | |
| Түлхүүр үг | social responsibility of business |
| 700 1# - ХАМ ЗОХИОГЧИД | |
| Ба бус | Donaldson, Thomas, |
| Dates associated with a name | 1945- |
| 700 1# - ХАМ ЗОХИОГЧИД | |
| Ба бус | Werhane, Patricia Hogue |
| 740 ## - НОМЫН ГАРЧИГ | |
| Гарчиг | General issues in ethics |
| 740 ## - НОМЫН ГАРЧИГ | |
| Гарчиг | Morality and corporations |
| 740 ## - НОМЫН ГАРЧИГ | |
| Гарчиг | Property, profit, and justice |
| 740 ## - НОМЫН ГАРЧИГ | |
| Гарчиг | Employer-employee relatioships |
| 942 ## - ЭЛЕМЕНТИЙН ТӨРӨЛ | |
| Зүйлийн төрөл | Ном |
